| 000 | 01469cam a22003734a 4500 | ||
|---|---|---|---|
| 999 |
_c28544 _d28515 |
||
| 001 | 13432778 | ||
| 003 | EG-ScBUE | ||
| 005 | 20200809112808.0 | ||
| 008 | 031212t2005 njua f b 001 0 eng d | ||
| 020 | _a9780131273078 | ||
| 020 | _a0131273078 (pbk.) | ||
| 035 | _a(OCoLC)ocm53926690 | ||
| 040 |
_aDLC _beng _erda _cDLC _dYDX _dBAKER _dUKM _dDLC _dEG-ScBUE |
||
| 082 | 0 | 4 |
_a658.1511 _bHOR _222 |
| 100 | 1 |
_aHorngren, Charles T., _d1926- _eauthor. |
|
| 245 | 1 | 0 |
_aIntroduction to management accounting / _cCharles T. Horngren, Stanford University, Gary L. Sundem, University of Washington-Seattle, William O. Stratton, Pepperdine University. |
| 250 | _aThirteenth edition. | ||
| 264 | 1 |
_aNew Jersey : _bPearson Education, Inc., _c[2005] |
|
| 264 | 4 | _cc2005 | |
| 300 |
_a1 volume (various pagings) : _bcolor illustrations ; _c29 cm. |
||
| 336 |
_2rdacontent _atext _btxt |
||
| 337 |
_2rdamedia _aunmediated _bn |
||
| 338 |
_2rdacarrier _avolume _bnc |
||
| 490 | 0 | _aCharles T. horngren series in accounting | |
| 504 | _aIncludes bibliographical references and index. | ||
| 650 | 7 |
_aManagerial accounting. _2BUEsh |
|
| 653 |
_bBUSADM _cJuly2020 |
||
| 655 |
_vReading book _934232 |
||
| 700 | 1 |
_aSundem, Gary L., _eauthor. |
|
| 700 | 1 |
_aStratton, William O., _eauthor. |
|
| 906 |
_a7 _bcbc _corignew _d1 _eocip _f20 _gy-gencatlg |
||
| 942 |
_2ddc _cBB |
||